| 000 | 00818nam a2200205 a 4500 | ||
|---|---|---|---|
| 008 | 120416s2002 ||||||||||||||||| || u | ||
| 020 | _a0521567874 | ||
| 050 | _aSB 931 Tha | ||
| 100 | _aThacker, J. R. M | ||
| 245 | 1 | 3 | _aAn introduction to arthropod pest control |
| 260 |
_aCambridge _bCambridge University Press _c2002 |
||
| 300 | _axiv, 343p. : ill. | ||
| 350 | _a0.00 | ||
| 650 | _aANTHROPOLOGY | ||
| 650 | _aARTHROPOD PESTS--CONTROL | ||
| 856 | _uhttp://www.loc.gov/catdir/toc/cam025/2002023436.html | ||
| 856 | _uhttp://www.loc.gov/catdir/samples/cam033/2002023436.html | ||
| 856 | _uhttp://www.loc.gov/catdir/description/cam022/2002023436.html | ||
| 995 |
_D0.00 _FCBU-MAIN LIBRARY (Kitwe) _H1 _I17.95 _M1 _UAVAILABLE _ZMain Library Open Access Collection |
||
| 999 |
_c47609 _d47609 |
||